Nehnuteľnosti
Gespeichert in:
| 1. Verfasser: | |
|---|---|
| Format: | Buch |
| Sprache: | Slowakisch |
| Veröffentlicht: |
Brno
Computer Press
2005
|
| Schriftenreihe: | Právo pre dennú prax
|
| Schlagworte: | |
| Tags: |
Keine Tags, Fügen Sie das erste Tag hinzu!
|
MARC
| LEADER | 00000nam$a2200000$$$4500 | ||
|---|---|---|---|
| 001 | 0051778 | ||
| 005 | 20240315114608.8 | ||
| 020 | |a 80-251-0908-9 | ||
| 041 | 0 | |a slo | |
| 044 | |a CZ | ||
| 245 | 1 | 0 | |a Nehnuteľnosti |c Matej Beňa |
| 264 | 1 | |a Brno |b Computer Press |c 2005 | |
| 300 | |a 159 s. |e 1 CD-ROM | ||
| 490 | 1 | |a Právo pre dennú prax | |
| 830 | 0 | |a Právo pre dennú prax | |
| 610 | 2 | 0 | |a nehnuteľnosti |
| 610 | 2 | 0 | |a kúpa |
| 610 | 2 | 0 | |a predaj |
| 610 | 2 | 0 | |a prenájom |
| 610 | 2 | 0 | |a zákony |
| 610 | 2 | 0 | |a komentáre |
| 610 | 2 | 0 | |a vzory |
| 610 | 2 | 0 | |a zmluvy |
| 610 | 2 | 0 | |a legislatíva |
| 610 | 2 | 0 | |a kataster nehnuteľností |
| 610 | 2 | 0 | |a poradenstvo |
| 610 | 2 | 0 | |a Slovensko |
| 100 | 1 | |a Beňa, Matej | |